000
00315nam a2200121Ia 4500
008
210430s9999 xx 000 0 und d
082
_a
530 H1571 P
100
_a
Halliday
_9
19457
245
_a
Physics volum 1
_c
Halliday
260
_a
Islamabad
_b
National Book Foundation
_c
2000
300
_a
566p
942
_c
BK
_2
ddc
999
_c
561741
_d
561741